ERP : Tools, Techniques, and Applications for Integrating the Supply Chain /

Gespeichert in:
Bibliographische Detailangaben
Hauptverfasser: Ptak, Carol A. (Verfasst von), Schragenheim, Eli (Verfasst von)
Format: Buch
Sprache:Englisch
Veröffentlicht: Boca Raton St. Lucie Press 2004
Ausgabe:2nd Ed.
Schriftenreihe:The St. Lucie Press Series on Resource Management
Schlagworte:
Tags: Tag hinzufügen
Keine Tags, Fügen Sie das erste Tag hinzu!

MARC

LEADER 00000nam a22000003a 4500
001 0087947
003 SK-STU
005 20210421082045.0
007 ta
008 210421s ----xo-----e------000-0-----d
020 |a 1-57444-358-5 
040 |a STU  |b slo 
041 0 |a eng 
044 |a xxu 
100 1 |a Ptak, Carol A.  |4 aut 
245 1 0 |a ERP :  |b Tools, Techniques, and Applications for Integrating the Supply Chain /  |c aut. Carol A Ptak 
250 |a 2nd Ed. 
260 |a Boca Raton  |b St. Lucie Press  |c 2004 
300 |a 430 s.  |e 1 CD-ROM 
490 0 |a The St. Lucie Press Series on Resource Management 
650 0 7 |a výrobný manažment 
700 1 |a Schragenheim, Eli  |4 aut 
996 |b 284M088734  |c M* 14467-1  |l MMKN  |s A  |a 24  |w 0087947_0001